000 01224nam a2200301Ia 4500
001 ebr10233200
003 CaPaEBR
006 m u
007 cr cn|||||||||
008 920204s2007 nyua s 000 0 eng d
020 _z9780470179987
040 _aCaPaEBR
_cCaPaEBR
035 _a(OCoLC)646752210
050 1 4 _aQD39.3.E46
_bR4825 2007eb
245 0 0 _aReviews in computational chemistry.
_n25
_h[electronic resource] /
_cedited by Kenny B. Lipkowitz, Thomas R. Cundari, editor emeritus Donald B. Boyd.
260 _aNew York, N.Y. :
_bWiley-VCH,
_c2007.
300 _axxix, 418 p. :
_bill.
490 0 _aReviews in computational chemistry ;
_v25
533 _aElectronic reproduction.
_bPalo Alto, Calif. :
_cebrary,
_d2013.
_nAvailable via World Wide Web.
_nAccess may be limited to ebrary affiliated libraries.
650 0 _aChemistry
_xData processing.
650 0 _aChemistry
_xMathematics.
655 7 _aElectronic books.
_2local
700 1 _aLipkowitz, Kenny B.
700 1 _aBoyd, Donald B.
700 1 _aCundari, Thomas R.,
_d1964-
710 2 _aebrary, Inc.
856 4 0 _uhttp://site.ebrary.com/lib/rucke/Doc?id=10233200
_zAn electronic book accessible through the World Wide Web; click to view
999 _c38070
_d38070